000
00228 a2200097 4500
001
14514
100
_a
Nadvi Abu-ul-Hassan Ali
245
_a
Saaf Saaf Batay
260
_a
Karachi
_b
Majlis Nashryat Islam
_c
090
_c
11344
_d
11344
942
_a
NUST-CAE
_c
M
_c
1497
999
_c
249587
_d
249587